Lion King (1994) Characters by First Line - Statistics

General Stats
  • This quiz has been taken 76 times
  • The average score is 9 of 11
Answer Stats
First Line Answer % Correct
"Dad! Daaad! Come on, Dad, we gotta go. Wake up!" Simba
100%
"Hi Simba" Nala
95%
"Scar! Drop him." Mufasa
93%
"Life's not fair, is it?" Scar
93%
"Hmm. I don't know, Shenzi. Uh... what do you think, Ed?" Banzai
83%
"Well, well, well, Banzai. What have we got here?" Shenzi
80%
"Didn't your mother ever tell you not to play with your food?" Zazu
78%
"Your son is awake." Sarabi
68%
"I love it! Bowling for buzzards!" Pumbaa
65%
"Get out! Get out! Get outta here! Whoo!" Timon
60%
"Hmm... *laughs* Simba" Rafiki
48%
No matching quizzes found
Score Distribution
Percent of People with Each Score
Percentile by Number Answered
Your Score History
You have not taken this quiz